Principios de administración de operaciones

Zapisane w:
Opis bibliograficzny
Główni autorzy: Heizer, Jay (Autor), Render, Barry (Autor)
Format: Książka
Język:hiszpański
Wydane: Ciudad de México, México Pearson Educación 2009
Wydanie:Séptima edición
Hasła przedmiotowe:
Dostęp online:Disponible Online
Etykiety: Dodaj etykietę
Nie ma etykietki, Dołącz pierwszą etykiete!

MARC

LEADER 00000cam a2200000 a 4500
001 UCH4574
003 CL-VaPUC
005 20210405224540.0
008 090827e20090000MX |||||||||||||||||spa|d
999 |c 335854  |d 335852 
020 |a 9786074420999 
040 |c Pontificia Universidad Católica de Valparaíso 
082 0 4 |a 658.4 HEI 2009  |2 21 
100 |a Heizer, Jay  |e author  |9 576842 
245 1 0 |a Principios de administración de operaciones 
250 |a Séptima edición  
260 |a Ciudad de México, México   |b Pearson Educación  |c 2009 
300 |a 684 páginas  
500 |a Incluye: Cd de videos; Cd del estudiante 
583 |a last modification  |c 20170509 09:43:25  |k Rodrigo Vera 
650 0 |a Gestión de operaciones   |2 CL-VaPUC  |9 402408 
650 0 |a Administración del personal  |9 260442 
650 0 |a Toma de decisiones   |9 257530 
650 0 |a Diseño de sistemas  |9 262363 
650 0 |a Control de calidad   |9 259714 
700 0 |a Render, Barry  |e author  |9 540163 
856 |u http://bibliografiadigital.pucv.cl.pucv.idm.oclc.org/index.php/bibliotecapucv/catalog/book/309  |y Disponible Online  
942 |c BK  |2 ddc 
945 |d 20090827 00:00:00  |a rbrito 
952 |0 0  |1 0  |4 0  |6 658_400000000000000_HEI_2009  |7 0  |8 R  |9 426660  |a BIBENE  |b BIBENE  |d 2019-11-22  |i 459259K  |l 5  |o 658.4 HEI 2009  |p 459259K  |r 2025-01-15  |s 2023-09-25  |w 2019-11-22  |y BK_R  |k ICO 
952 |0 0  |1 0  |4 0  |6 658_400000000000000_HEI_2009  |7 0  |8 R  |9 426661  |a BIBENE  |b BIBENE  |d 2019-11-22  |i 4886674  |l 3  |o 658.4 HEI 2009  |p 4886674  |r 2025-01-15  |s 2023-08-14  |w 2019-11-22  |y BK_R  |k ICO 
952 |0 0  |1 0  |4 0  |6 658_400000000000000_HEI_2009  |7 0  |8 R  |9 426662  |a BIBENE  |b BIBENE  |d 2019-11-22  |i 4886682  |l 6  |o 658.4 HEI 2009  |p 4886682  |r 2025-01-15  |s 2024-10-08  |w 2019-11-22  |y BK_R  |k ICO 
952 |0 0  |1 0  |4 0  |6 658_400000000000000_HEI_2009  |7 0  |8 R  |9 426663  |a BIBENE  |b BIBENE  |d 2019-11-22  |i 4886690  |l 3  |o 658.4 HEI 2009  |p 4886690  |r 2025-01-15  |s 2023-08-22  |w 2019-11-22  |y BK_R  |k ICO 
952 |0 0  |1 0  |4 0  |6 658_400000000000000_HEI_2009  |7 0  |8 A  |9 426664  |a BIBING  |b BIBING  |d 2019-11-22  |i 4930940  |o 658.4 HEI 2009  |p 4930940  |r 2025-01-20  |w 2019-11-22  |y BK  |k TRA 
952 |0 0  |1 0  |3 erb  |4 0  |6 658_400000000000000_HEI_2009  |7 0  |8 R  |9 426665  |a BIBENE  |b BIBENE  |d 2019-11-22  |i 5004489  |l 3  |o 658.4 HEI 2009  |p 5004489  |r 2025-01-15  |s 2023-03-21  |w 2019-11-22  |y BK_R  |z Catalogado en:20130829  |k ICO 
952 |0 0  |1 0  |3 erb  |4 0  |6 658_400000000000000_HEI_2009  |7 0  |8 R  |9 426666  |a BIBENE  |b BIBENE  |d 2019-11-22  |i 5004497  |l 4  |o 658.4 HEI 2009  |p 5004497  |r 2025-03-26  |s 2025-03-26  |w 2019-11-22  |y BK_R  |z Catalogado en:20130829  |k ICO 
952 |0 0  |1 0  |3 erb  |4 0  |6 658_400000000000000_HEI_2009  |7 0  |8 A  |9 426667  |a BIBING  |b BIBING  |i 503308K  |o 658.4 HEI 2009  |p 503308K  |r 2025-01-20  |w 2019-11-22  |y BK  |z Catalogado en:20131206  |k TRA 
952 |0 0  |1 0  |3 erb  |4 0  |6 658_400000000000000_HEI_2009  |7 0  |8 A  |9 426668  |a BIBING  |b BIBING  |i 5110270  |o 658.4 HEI 2009  |p 5110270  |r 2025-01-20  |w 2019-11-22  |y BK  |z Catalogado en:20140821  |k TRA 
952 |0 0  |1 0  |3 erb  |4 0  |6 658_400000000000000_HEI_2009  |7 0  |8 A  |9 426669  |a BIBING  |b BIBING  |i 5110289  |o 658.4 HEI 2009  |p 5110289  |r 2025-01-20  |w 2019-11-22  |y BK  |z Catalogado en:20140821  |k TRA 
952 |0 0  |1 0  |3 erb  |4 0  |6 658_400000000000000_HEI_2009  |7 0  |8 A  |9 426670  |a BIBING  |b BIBING  |i 5110297  |o 658.4 HEI 2009  |p 5110297  |r 2025-01-20  |w 2019-11-22  |y BK  |z Catalogado en:20140821  |k TRA 
952 |0 0  |1 0  |3 erb  |4 0  |6 658_400000000000000_HEI_2009  |7 0  |8 A  |9 426671  |a BIBING  |b BIBING  |i 5110300  |o 658.4 HEI 2009  |p 5110300  |r 2025-01-20  |w 2019-11-22  |y BK  |z Catalogado en:20140821  |k TRA 
952 |0 0  |1 0  |3 erb  |4 0  |6 658_400000000000000_HEI_2009  |7 0  |8 R  |9 426672  |a BIBENE  |b BIBENE  |i 5146518  |l 18  |m 1  |o 658.4 HEI 2009  |p 5146518  |r 2025-04-07  |s 2025-04-04  |w 2019-11-22  |y BK_R  |z Catalogado en:20150423  |k ICO 
952 |0 0  |1 0  |3 erb  |4 0  |6 658_400000000000000_HEI_2009  |7 0  |8 R  |9 426673  |a BIBENE  |b BIBENE  |i 5146526  |l 3  |o 658.4 HEI 2009  |p 5146526  |r 2025-01-15  |s 2023-04-28  |w 2019-11-22  |y BK_R  |z Catalogado en:20150423  |k ICO 
952 |0 0  |1 0  |3 erb  |4 0  |6 658_400000000000000_HEI_2009  |7 0  |8 R  |9 426674  |a BIBENE  |b BIBENE  |i 5146534  |l 8  |o 658.4 HEI 2009  |p 5146534  |r 2025-03-12  |s 2025-03-10  |w 2019-11-22  |y BK_R  |z Catalogado en:20150423  |k ICO